Music Quiz

Random Music or Singers Quiz
Score 0/18 Timer 06:00
0 Plays Today
1977 Song % Correct
11th JanuaryDon't give up on us
74.6%
29th NovemberMull of Kintyre
69%
8th FebruaryDon't cry for me Argentina
66.2%
15th FebruaryWhen I need You
57.7%
8th MarchChanson D'Amour
53.5%
25th OctoberYes sir I can boogie
52.1%
19th JulyI feel love
50.7%
23rd AugustFloat on
50.7%
4th OctoberSilver lady
49.3%
1977 Song % Correct
29th MarchKnowing me knowing You
47.9%
14th JuneLucille
45.1%
30th AugustWay Down
45.1%
3rd MayFree
36.6%
16th AugustAngelo
36.6%
28th JuneSo you win again
31%
1st NovemberName of the game
31%
17th MayI don't want to talk about it
21.1%
21st JuneShow you the way to go
21.1%
Remove Ads.
Support Sporcle.
Get the best of Sporcle when you Go Orange. This ad-free experience offers more features, more stats, and more fun while also helping to support Sporcle. Thank you for becoming a member.

You're not logged in!

Compare scores with friends on all Sporcle quizzes.
OR
Log In

Show Comments

Extras

Top Quizzes Today


Score Distribution

Your Account Isn't Verified!

In order to create a playlist on Sporcle, you need to verify the email address you used during registration. Go to your Sporcle Settings to finish the process.

Report this User

Report this user for behavior that violates our Community Guidelines.

Details: